000 00456nam a2200145Ia 4500
008 100122s9999 xx 000 0 und d
082 _b16296
_a822
100 _aखरे सुरेश
245 _aकांचेचा चंद्र
260 _bजोशी ब्र बु.अॅ.पब्लि
_c1970
300 _a80
630 _aकांचेचा चंद्र
730 _aकांचेचा चंद्र
942 _cBOOK
999 _c406251
_d406248